| 000 | 00737nam a2200217 a 4500 | ||
|---|---|---|---|
| 001 | 86105 | ||
| 003 | BD-RjUL | ||
| 005 | 20260114145534.0 | ||
| 008 | 260114s2024 bg ||||| |||| 00| 0 ben d | ||
| 035 | _a(BD-RjUL)86105 | ||
| 040 |
_aBD-RjUL _beng _cBD-RjUL |
||
| 041 | _aben | ||
| 082 |
_223 _a297.1227 _bHOU 2024 |
||
| 100 | _aহোসেন, মোহাম্মদ বেলাল | ||
| 245 |
_aউলূমুত তাফসীর / _cমোহাম্মদ বেলাল হোসেন |
||
| 260 |
_aরাজশাহী : _bউলূমুত তাফসীর, _c২০২৪ |
||
| 300 |
_a২০৮ পৃ.; _c২২ সেমি. |
||
| 650 | _aতাফসীর | ||
| 650 |
_aCommentaries _94982 |
||
| 942 |
_2ddc _cBK |
||
| 999 |
_c86105 _d86105 |
||